Tulipány zlomili jedenástkové prekliatie 3. štvrťfinále Švédsko - Holandsko

Bibliographic Details
Format: Article
Language:Slovak
PhysicalDescription:Fotogr.
ISSN:0139-7001
Subjects:

MARC

LEADER 00000nab a2200000 a 4500
001 vtls000877886
003 SK-MaSNL
005 20260302160841.0
008 180206c2004 xo 0 slo
015 |a SNBRB2004/07-20269 
035 |a CLN000229438 
040 |a SNKBUCL  |b slo  |c SNKBUCL  |e AACR2 
041 0 |a slo 
044 |a xo  |c SK 
080 |a 796.332.093.1(4)  |2 UDC-MRF-SK2 
245 0 0 |a Tulipány zlomili jedenástkové prekliatie  |b 3. štvrťfinále Švédsko - Holandsko 
300 |b Fotogr. 
611 1 7 |a Majstrovstvá Európy vo futbale  |d 2004  |c Lisabon, Portugalsko  |2 snkbucl  |9 857714 
650 0 7 |a futbal  |x 3. štvrťfinále  |x Švédsko - Holandsko  |2 snkbucl  |9 857717 
655 7 |a články z novín a časopisov  |2 snkbucl  |9 267496 
773 0 |x 0139-7001  |t Šport  |g Roč. 58, č. 148 (28.6.2004) 
773 0 |x 0139-7001  |t [Príl.] Šport extra  |g S. 20 
850 |a Slovenská národná knižnica v Martine 
852 |a SNK  |b KIS3GCP 
958 |a RBX 
999 |c 1375721  |d 1377651